| 000 | 00348nmm a2200145 a 4500 | ||
|---|---|---|---|
| 003 | AR-BaBNM | ||
| 005 | 20251128203455.0 | ||
| 008 | 011101s1973 ||||||||||||||000 | spa|| | ||
| 040 | _cAR-BaBNM | ||
| 100 | 1 |
_aMarx, Karl _d1818-1883 |
|
| 245 | 1 | 0 |
_aEl capital _n3 |
| 260 |
_a[S.l.] _bFondo de Cultura Económica _c1973 |
||
| 942 | _cBK | ||
| 998 | _cCasco | ||
| 999 |
_c3544 _d3544 |
||